| 000 | 00719nam a2200277Ia 4500 | ||
|---|---|---|---|
| 001 | Z_3833 | ||
| 003 | CHAP | ||
| 008 | 220113s1978 xx 000 0 und d | ||
| 010 | _a166894 | ||
| 040 | _cCHAP | ||
| 090 | _aFolleto 542 | ||
| 100 |
_aCorral Magnus, Víctor Manuel _928188 |
||
| 245 |
_aManual de cunicultura / _cpor Víctor Manuel Corral Magnus y Antonio Hernández Velasco |
||
| 260 |
_aMéxico, D.F. : _bBanco Nacional de Credito Rural, _c1978 |
||
| 300 | _a130 p. | ||
| 440 | _a | ||
| 500 | _a | ||
| 503 | _a | ||
| 650 |
_aConejos _xManejo I. Hernández Velasco, Antonio _9141042 |
||
| 901 | _aFolleto 542 | ||
| 902 | _aA | ||
| 910 | _a1978 | ||
| 942 | _cc14 | ||
| 942 | _cc14 | ||
| 999 |
_c166894 _d166894 |
||